00419nam a2200157Ia 4500001000500000005001700005008004100022041000800063082001600071100003500087245008600122260000900208300002800217650000800245654000800253859920260306160621.0260306t2005||||xx |||||||||||||| ||spa|| aESP a371.2bC78A aCorrea de Molina, CeciliaeAUT 0aAdministración estratégica y calidad integral en las instituciones educativas c2005 a203 páginas :c24 cm. aGEN aCED